Normal view MARC view

Entry Personal Name

Number of records used in: 24

001 - CONTROL NUMBER

  • control field: 1726

003 - CONTROL NUMBER IDENTIFIER

  • control field: dpl

005 - DATE AND TIME OF LATEST TRANSACTION

  • control field: 20100727122107.0

008 - FIXED-LENGTH DATA ELEMENTS

  • fixed length control field: 100727|||a|||||| | ||| d

040 ## - CATALOGING SOURCE

  • Original cataloging agency: dpl
  • Transcribing agency: dpl

100 ## - HEADING--PERSONAL NAME

  • Personal name: Mathur, Kuldeep

670 ## - SOURCE DATA FOUND

  • Source citation: Work cat.: (dpl): Mathur, Kuldeep, Policy-making in India:, 2009

670 ## - SOURCE DATA FOUND

  • Source citation: Work cat.: (dpl): Mathur, Kuldeep, Policy-making in India:, 2009

© Delhi Public Library
Hit Counter
free hit counter